Loading...
| Visual Arts | 0 | 1 | 0 | 1 | 10 | 130 | 130.00 | 0 | 1 |
| Current Events | 0 | 1 | 0 | 1 | 10 | 124 | 124.00 | 0 | 1 |
| Geography | 0 | 1 | 0 | 0 | 10 | 115 | 115.00 | 0 | 0 |
| History - World History | 0 | 1 | 0 | 0 | 10 | 110 | 110.00 | 0 | 1 |
| Literature - British Literature | 0 | 1 | 0 | 0 | 10 | 96 | 96.00 | 0 | 1 |
| Literature - European Literature | 0 | 1 | 0 | 0 | 10 | 150 | 150.00 | 1 | 1 |
| Philosophy | 0 | 1 | 0 | 1 | 10 | 132 | 132.00 | 0 | 0 |
| Auditory Arts | 0 | 1 | 0 | 0 | 10 | 105 | 105.00 | 1 | 1 |
| Science - Other Science | 0 | 1 | 1 | 0 | 5 | 96 | 96.00 | 1 | 1 |
| Literature - World Literature | 0 | 0 | 0 | 0 | 0 | 0.00 | 0 | 0 | |
| History - American History | 0 | 0 | 0 | 0 | 0 | 0.00 | 0 | 0 | |
| History - Ancient History | 0 | 0 | 0 | 0 | 0 | 0.00 | 0 | 0 | |
| Science - Chemistry | 0 | 0 | 0 | 0 | 0 | 0.00 | 0 | 0 | |
| Social Science | 0 | 0 | 2 | 0 | -10 | 0.00 | 0 | 0 |